[Event "IMP Mezczyzn do lat 20"]
[Site "Chotowa"]
[Date "2023.10.31"]
[Round "1.1"]
[White "Karut, Kacper"]
[Black "Niedbala, Bartlomiej"]
[Result "0-1"]
[BlackElo "2400"]
[WhiteElo "2093"]
[LiveChessVersion "1.4.8"]

1. e4 {[%clk 1:30:58]} c5 {[%clk 1:30:43]} 2. Nf3 {[%clk 1:31:23]} d6
{[%clk 1:30:57]} 3. d4 {[%clk 1:31:47]} cxd4 {[%clk 1:31:22]} 4. Nxd4
{[%clk 1:32:14]} Nf6 {[%clk 1:31:44]} 5. Nc3 {[%clk 1:32:38]} a6 {[%clk 1:32:08]}
6. h4 {[%clk 1:32:48]} h6 {[%clk 1:31:36]} 7. Be2 {[%clk 1:28:49]} e5
{[%clk 1:29:03]} 8. Nb3 {[%clk 1:27:15]} Nc6 {[%clk 1:25:40]} 9. Be3
{[%clk 1:23:03]} Be6 {[%clk 1:24:08]} 10. Qd2 {[%clk 1:13:33]} Rc8
{[%clk 1:20:31]} 11. h5 {[%clk 0:52:32]} Nb4 {[%clk 0:44:26]} 12. f3
{[%clk 0:42:43]} d5 {[%clk 0:42:10]} 13. a3 {[%clk 0:33:00]} d4 {[%clk 0:29:47]}
14. axb4 {[%clk 0:28:24]} Bxb3 {[%clk 0:30:02]} 15. cxb3 {[%clk 0:24:36]} Bxb4
{[%clk 0:30:26]} 16. Ra4 {[%clk 0:17:43]} Rxc3 {[%clk 0:23:11]} 17. Rxb4
{[%clk 0:15:52]} Rxe3 {[%clk 0:23:38]} 18. Rxb7 {[%clk 0:14:11]} O-O
{[%clk 0:23:36]} 19. Kf1 {[%clk 0:10:27]} Qc8 {[%clk 0:16:18]} 20. Rb4
{[%clk 0:06:12]} Rd8 {[%clk 0:15:15]} 21. Rc4 {[%clk 0:04:09]} Qb7
{[%clk 0:14:05]} 22. b4 {[%clk 0:03:33]} Qb6 {[%clk 0:05:49]} 23. Bd3
{[%clk 0:02:56]} a5 {[%clk 0:03:53]} 24. Kf2 {[%clk 0:01:16]} axb4
{[%clk 0:04:07]} 25. b3 {[%clk 0:01:31]} Ra8 {[%clk 0:04:17]} 26. Rd1
{[%clk 0:00:32]} Nxh5 {[%clk 0:04:16]} 27. Rxb4 {[%clk 0:00:50]} Qf6
{[%clk 0:04:28]} 28. Rh1 {[%clk 0:01:00]} Nf4 {[%clk 0:04:43]} 29. Bf1
{[%clk 0:01:01]} Ra1 {[%clk 0:04:28]} 30. Rb8+ {[%clk 0:00:34]} Kh7
{[%clk 0:04:57]} 31. Rc8 {[%clk 0:00:40]} Nd3+ {[%clk 0:03:57]} 32. Kg1
{[%clk 0:00:45]} Ree1 {[%clk 0:04:00]} 0-1

[Event "IMP Mezczyzn do lat 20"]
[Site "Chotowa"]
[Date "2023.10.31"]
[Round "1.2"]
[White "Fiedorek, Michal"]
[Black "Zielonka, Adam"]
[Result "1-0"]
[BlackElo "2059"]
[WhiteElo "2334"]
[LiveChessVersion "1.4.8"]

1. e4 {[%clk 1:30:54]} e5 {[%clk 1:30:52]} 2. Nf3 {[%clk 1:31:06]} Nc6
{[%clk 1:31:10]} 3. Bc4 {[%clk 1:31:17]} Bc5 {[%clk 1:31:30]} 4. c3
{[%clk 1:30:45]} Nf6 {[%clk 1:31:49]} 5. d3 {[%clk 1:30:47]} O-O {[%clk 1:32:11]}
6. Bb3 {[%clk 1:31:05]} d5 {[%clk 1:31:11]} 7. Qe2 {[%clk 1:30:38]} dxe4
{[%clk 1:29:50]} 8. dxe4 {[%clk 1:30:59]} Qe7 {[%clk 1:28:41]} 9. Nbd2
{[%clk 1:28:20]} Nh5 {[%clk 1:23:38]} 10. g3 {[%clk 1:19:55]} Bh3
{[%clk 1:19:33]} 11. Nc4 {[%clk 1:16:22]} Nf6 {[%clk 1:14:05]} 12. Ne3
{[%clk 1:00:19]} Ng4 {[%clk 0:56:36]} 13. Ng1 {[%clk 0:44:38]} Bxe3
{[%clk 0:51:19]} 14. fxe3 {[%clk 0:44:00]} 1-0

[Event "IMP Mezczyzn do lat 20"]
[Site "Chotowa"]
[Date "2023.10.31"]
[Round "1.3"]
[White "Suska, Szymon"]
[Black "Turski, Bartlomiej"]
[Result "1/2-1/2"]
[BlackElo "2334"]
[WhiteElo "2040"]
[LiveChessVersion "1.4.8"]

1. Nf3 {[%clk 1:30:47]} Nf6 {[%clk 1:30:52]} 2. d4 {[%clk 1:30:54]} g6
{[%clk 1:30:57]} 3. c4 {[%clk 1:31:11]} Bg7 {[%clk 1:31:17]} 4. Nc3
{[%clk 1:31:33]} O-O {[%clk 1:31:12]} 5. Bg5 {[%clk 1:31:48]} d6 {[%clk 1:29:56]}
6. e3 {[%clk 1:32:10]} h6 {[%clk 1:25:41]} 7. Bh4 {[%clk 1:29:27]} c5
{[%clk 1:22:15]} 8. Be2 {[%clk 1:19:46]} cxd4 {[%clk 1:14:51]} 9. exd4
{[%clk 1:19:57]} Bf5 {[%clk 1:14:58]} 10. Bd3 {[%clk 1:13:00]} Bg4
{[%clk 1:12:20]} 11. O-O {[%clk 1:04:40]} Nc6 {[%clk 1:05:43]} 12. Be2
{[%clk 1:02:57]} Re8 {[%clk 1:02:50]} 13. h3 {[%clk 0:55:03]} Bxf3
{[%clk 1:02:24]} 14. Bxf3 {[%clk 0:55:15]} Nd7 {[%clk 1:01:50]} 15. Bxc6
{[%clk 0:24:37]} bxc6 {[%clk 1:02:13]} 16. Qd2 {[%clk 0:24:34]} Nb6
{[%clk 0:49:11]} 17. b3 {[%clk 0:23:42]} d5 {[%clk 0:48:00]} 18. c5
{[%clk 0:21:22]} Nd7 {[%clk 0:48:21]} 19. Ne2 {[%clk 0:19:32]} g5
{[%clk 0:47:48]} 20. Bg3 {[%clk 0:19:46]} e5 {[%clk 0:47:30]} 21. dxe5
{[%clk 0:19:10]} Nxe5 {[%clk 0:36:35]} 22. Nd4 {[%clk 0:17:15]} Qf6
{[%clk 0:35:51]} 23. Rad1 {[%clk 0:13:16]} Nd7 {[%clk 0:35:00]} 24. Bd6
{[%clk 0:12:33]} Qxd4 {[%clk 0:23:08]} 25. Qxd4 {[%clk 0:13:01]} Bxd4
{[%clk 0:23:29]} 26. Rxd4 {[%clk 0:13:29]} Nf6 {[%clk 0:23:28]} 27. f3
{[%clk 0:12:24]} a5 {[%clk 0:17:28]} 28. Ra4 {[%clk 0:12:12]} Ra7
{[%clk 0:12:41]} 29. Kf2 {[%clk 0:11:48]} Rea8 {[%clk 0:09:59]} 30. Re1
{[%clk 0:11:09]} Ne8 {[%clk 0:07:42]} 31. Be5 {[%clk 0:10:18]} f6
{[%clk 0:05:36]} 32. Bc3 {[%clk 0:09:51]} Kf7 {[%clk 0:06:01]} 33. f4
{[%clk 0:08:44]} Ng7 {[%clk 0:04:52]} 34. fxg5 {[%clk 0:05:34]} hxg5
{[%clk 0:04:58]} 35. Kg1 {[%clk 0:04:19]} Nh5 {[%clk 0:03:16]} 36. Rf1
{[%clk 0:03:34]} Kg6 {[%clk 0:03:00]} 37. Kh2 {[%clk 0:02:21]} Ra6
{[%clk 0:00:47]} 38. g4 {[%clk 0:01:09]} Nf4 {[%clk 0:01:05]} 39. Raxf4
{[%clk 0:01:29]} gxf4 {[%clk 0:01:25]} 40. Rxf4 {[%clk 0:31:56]} Rf8
{[%clk 0:31:25]} 41. h4 {[%clk 0:31:41]} Ra7 {[%clk 0:19:41]} 42. h5+
{[%clk 0:29:55]} Kh6 {[%clk 0:16:11]} 1/2-1/2

[Event "IMP Mezczyzn do lat 20"]
[Site "Chotowa"]
[Date "2023.10.31"]
[Round "1.4"]
[White "Czernek, Tymon"]
[Black "Ugorek, Kacper"]
[Result "0-1"]
[BlackElo "1999"]
[WhiteElo "2329"]
[LiveChessVersion "1.4.8"]

1. e4 {[%clk 1:30:45]} c6 {[%clk 1:30:48]} 2. d4 {[%clk 1:30:19]} d5
{[%clk 1:31:05]} 3. Nc3 {[%clk 1:29:44]} dxe4 {[%clk 1:31:12]} 4. Nxe4
{[%clk 1:30:08]} Bf5 {[%clk 1:31:29]} 5. Ng3 {[%clk 1:30:22]} Bg6
{[%clk 1:31:53]} 6. Nf3 {[%clk 1:29:51]} Nd7 {[%clk 1:31:40]} 7. h4
{[%clk 1:30:08]} h6 {[%clk 1:31:59]} 8. h5 {[%clk 1:29:37]} Bh7 {[%clk 1:32:22]}
9. Bd3 {[%clk 1:30:02]} Bxd3 {[%clk 1:32:40]} 10. Qxd3 {[%clk 1:30:25]} e6
{[%clk 1:32:50]} 11. Bd2 {[%clk 1:27:33]} Ngf6 {[%clk 1:33:13]} 12. O-O-O
{[%clk 1:26:53]} Be7 {[%clk 1:32:34]} 13. Ne4 {[%clk 1:22:18]} Nxe4
{[%clk 1:29:51]} 14. Qxe4 {[%clk 1:22:41]} Nf6 {[%clk 1:30:00]} 15. Qe2
{[%clk 1:22:44]} Qd5 {[%clk 1:26:18]} 16. c4 {[%clk 1:22:01]} Qe4
{[%clk 1:23:18]} 17. Be3 {[%clk 1:22:25]} O-O {[%clk 1:16:29]} 18. Ne5
{[%clk 1:20:42]} Rfd8 {[%clk 1:03:31]} 19. f3 {[%clk 1:20:23]} Qh7
{[%clk 1:03:25]} 20. g4 {[%clk 1:18:02]} Nd7 {[%clk 1:02:00]} 21. Rhg1
{[%clk 1:10:53]} a6 {[%clk 0:39:52]} 22. Nd3 {[%clk 0:48:23]} b5 {[%clk 0:36:39]}
23. c5 {[%clk 0:47:45]} Nf6 {[%clk 0:27:10]} 24. Ne5 {[%clk 0:46:14]} Rac8
{[%clk 0:26:27]} 25. g5 {[%clk 0:43:13]} hxg5 {[%clk 0:25:45]} 26. Bxg5
{[%clk 0:43:41]} Nd5 {[%clk 0:21:48]} 27. Bxe7 {[%clk 0:41:05]} Nxe7
{[%clk 0:22:15]} 28. Ng4 {[%clk 0:41:25]} Nd5 {[%clk 0:19:15]} 29. h6
{[%clk 0:41:14]} g6 {[%clk 0:15:52]} 30. Rh1 {[%clk 0:41:39]} Re8
{[%clk 0:14:40]} 31. Qe5 {[%clk 0:42:00]} Rcd8 {[%clk 0:10:54]} 32. Rde1
{[%clk 0:41:44]} Re7 {[%clk 0:06:32]} 33. f4 {[%clk 0:40:12]} f5 {[%clk 0:05:46]}
34. Nf2 {[%clk 0:35:26]} Qh8 {[%clk 0:03:55]} 35. h7+ {[%clk 0:34:39]} Kf7
{[%clk 0:04:24]} 36. Nd3 {[%clk 0:35:04]} Nf6 {[%clk 0:03:18]} 37. Reg1
{[%clk 0:29:50]} Rd5 {[%clk 0:01:27]} 38. Qe3 {[%clk 0:29:43]} Ng4
{[%clk 0:00:59]} 39. Ne5+ {[%clk 0:28:40]} Rxe5 {[%clk 0:01:10]} 40. Qa3
{[%clk 0:52:53]} Rd5 {[%clk 0:30:47]} 41. Qxa6 {[%clk 0:53:15]} Rd8
{[%clk 0:23:47]} 42. Qb6 {[%clk 0:53:00]} Rde8 {[%clk 0:22:24]} 43. Qxc6
{[%clk 0:53:19]} Qxd4 {[%clk 0:21:50]} 44. Qxb5 {[%clk 0:53:38]} Nf2
{[%clk 0:20:52]} 45. h8=Q {[%clk 0:53:42]} Rxh8 {[%clk 0:21:10]} 46. Rxh8
{[%clk 0:54:06]} Qxh8 {[%clk 0:21:34]} 47. c6 {[%clk 0:54:10]} Qd4
{[%clk 0:21:25]} 48. Rf1 {[%clk 0:54:25]} Rc7 {[%clk 0:20:18]} 49. a4
{[%clk 0:54:31]} Qxf4+ {[%clk 0:18:32]} 50. Kb1 {[%clk 0:54:48]} Qe4+
{[%clk 0:18:25]} 51. Ka1 {[%clk 0:55:13]} Nd3 {[%clk 0:18:15]} 52. Rd1
{[%clk 0:55:29]} Ne5 {[%clk 0:17:58]} 53. Qa5 {[%clk 0:55:37]} Qxc6
{[%clk 0:17:57]} 0-1

[Event "IMP Mezczyzn do lat 20"]
[Site "Chotowa"]
[Date "2023.10.31"]
[Round "1.5"]
[White "Stepinski, Piotr"]
[Black "Sowinski, Pawel"]
[Result "1/2-1/2"]
[BlackElo "2322"]
[WhiteElo "1991"]
[LiveChessVersion "1.4.8"]

1. e4 {[%clk 1:30:55]} c6 {[%clk 1:30:55]} 2. Nf3 {[%clk 1:31:20]} d5
{[%clk 1:31:09]} 3. d3 {[%clk 1:31:48]} Bg4 {[%clk 1:30:52]} 4. h3
{[%clk 1:32:12]} Bxf3 {[%clk 1:31:19]} 5. Qxf3 {[%clk 1:32:34]} e6
{[%clk 1:31:46]} 6. g3 {[%clk 1:32:45]} Nd7 {[%clk 1:32:13]} 7. Bg2
{[%clk 1:33:01]} g6 {[%clk 1:32:39]} 8. Nd2 {[%clk 1:32:20]} Bg7 {[%clk 1:32:15]}
9. Qe2 {[%clk 1:32:34]} Ne7 {[%clk 1:32:40]} 10. h4 {[%clk 1:32:51]} h5
{[%clk 1:25:56]} 11. O-O {[%clk 1:33:02]} O-O {[%clk 1:24:31]} 12. Nf3
{[%clk 1:31:39]} e5 {[%clk 1:23:24]} 13. Bd2 {[%clk 1:23:27]} a5 {[%clk 1:16:27]}
14. Bc3 {[%clk 1:21:10]} Qc7 {[%clk 1:02:32]} 15. Rae1 {[%clk 1:11:10]} Rae8
{[%clk 0:56:28]} 16. Bh3 {[%clk 0:52:54]} d4 {[%clk 0:31:40]} 17. Bd2
{[%clk 0:53:08]} Nc5 {[%clk 0:31:54]} 18. Ng5 {[%clk 0:44:37]} Kh8
{[%clk 0:28:15]} 19. a3 {[%clk 0:23:32]} f6 {[%clk 0:20:38]} 20. Nf3
{[%clk 0:22:54]} b5 {[%clk 0:14:43]} 21. Kh1 {[%clk 0:15:13]} Qb6
{[%clk 0:13:40]} 22. b4 {[%clk 0:11:42]} axb4 {[%clk 0:13:58]} 23. axb4
{[%clk 0:12:11]} Na4 {[%clk 0:13:54]} 24. Bd7 {[%clk 0:10:28]} Rd8
{[%clk 0:13:52]} 25. Be6 {[%clk 0:10:57]} c5 {[%clk 0:13:23]} 26. Bb3
{[%clk 0:11:13]} Nc6 {[%clk 0:13:40]} 27. Ng1 {[%clk 0:08:31]} Nc3
{[%clk 0:11:03]} 28. Bxc3 {[%clk 0:08:16]} dxc3 {[%clk 0:11:29]} 29. bxc5
{[%clk 0:08:42]} Qxc5 {[%clk 0:11:52]} 30. Qd1 {[%clk 0:08:05]} Nd4
{[%clk 0:12:13]} 31. Ba2 {[%clk 0:08:13]} Qa3 {[%clk 0:10:01]} 32. Bd5
{[%clk 0:08:28]} Qa4 {[%clk 0:08:30]} 33. Ne2 {[%clk 0:05:49]} Qxc2
{[%clk 0:06:27]} 34. Qxc2 {[%clk 0:06:17]} Nxc2 {[%clk 0:06:52]} 35. Rc1
{[%clk 0:06:42]} Nd4 {[%clk 0:05:57]} 36. Nxc3 {[%clk 0:06:32]} b4
{[%clk 0:06:23]} 37. Na4 {[%clk 0:04:49]} f5 {[%clk 0:04:54]} 38. Rb1
{[%clk 0:04:04]} f4 {[%clk 0:04:39]} 39. Kg2 {[%clk 0:03:05]} Rb8
{[%clk 0:03:08]} 40. Nc5 {[%clk 0:30:59]} Rfc8 {[%clk 0:30:57]} 41. Rfc1
{[%clk 0:16:36]} f3+ {[%clk 0:24:26]} 42. Kh2 {[%clk 0:17:00]} Rb5
{[%clk 0:23:37]} 43. Nb7 {[%clk 0:09:26]} Rc3 {[%clk 0:05:34]} 44. Nd6
{[%clk 0:09:01]} Bh6 {[%clk 0:04:35]} 45. Rxc3 {[%clk 0:08:44]} bxc3
{[%clk 0:04:59]} 46. Nxb5 {[%clk 0:08:37]} c2 {[%clk 0:03:49]} 47. Na3
{[%clk 0:04:36]} cxb1=Q {[%clk 0:04:11]} 48. Nxb1 {[%clk 0:05:04]} Kg7
{[%clk 0:04:33]} 49. Kg1 {[%clk 0:04:21]} Kf6 {[%clk 0:03:58]} 50. Kf1
{[%clk 0:04:42]} g5 {[%clk 0:01:19]} 51. hxg5+ {[%clk 0:05:05]} Bxg5
{[%clk 0:01:32]} 52. Bc4 {[%clk 0:04:27]} h4 {[%clk 0:01:09]} 53. gxh4
{[%clk 0:04:51]} Bxh4 {[%clk 0:01:36]} 54. Nd2 {[%clk 0:05:11]} Bg5
{[%clk 0:02:01]} 55. Nb3 {[%clk 0:05:29]} Nxb3 {[%clk 0:02:08]} 1/2-1/2

[Event "IMP Mezczyzn do lat 20"]
[Site "Chotowa"]
[Date "2023.10.31"]
[Round "1.6"]
[White "Kacprzak, Karol"]
[Black "Lis, Maksymilian"]
[Result "1-0"]
[BlackElo "1937"]
[WhiteElo "2317"]
[LiveChessVersion "1.4.8"]

1. e4 {[%clk 1:30:58]} c6 {[%clk 1:30:48]} 2. Nf3 {[%clk 1:27:28]} d5
{[%clk 1:31:08]} 3. Nc3 {[%clk 1:27:51]} Bg4 {[%clk 1:26:24]} 4. h3
{[%clk 1:28:04]} Bxf3 {[%clk 1:26:42]} 5. Qxf3 {[%clk 1:28:25]} e6
{[%clk 1:27:04]} 6. d4 {[%clk 1:20:57]} Nd7 {[%clk 1:25:01]} 7. exd5
{[%clk 1:16:15]} cxd5 {[%clk 1:24:00]} 8. Bd3 {[%clk 1:16:25]} a6
{[%clk 1:07:54]} 9. Ne2 {[%clk 1:07:32]} Ne7 {[%clk 1:01:23]} 10. O-O
{[%clk 1:02:37]} Nc6 {[%clk 0:56:26]} 11. c3 {[%clk 0:58:29]} Bd6
{[%clk 0:55:13]} 12. Qg4 {[%clk 0:52:33]} g6 {[%clk 0:43:04]} 13. Bh6
{[%clk 0:45:06]} Bf8 {[%clk 0:38:21]} 14. Bg5 {[%clk 0:34:56]} Be7
{[%clk 0:37:34]} 15. Bd2 {[%clk 0:34:27]} Nf6 {[%clk 0:33:10]} 16. Qf3
{[%clk 0:33:21]} O-O {[%clk 0:30:16]} 17. Nf4 {[%clk 0:27:35]} Rc8
{[%clk 0:19:17]} 18. Rfe1 {[%clk 0:25:14]} Qd6 {[%clk 0:15:58]} 19. Rad1
{[%clk 0:23:05]} Rfd8 {[%clk 0:13:04]} 20. Bb1 {[%clk 0:18:14]} b5
{[%clk 0:12:25]} 21. a3 {[%clk 0:13:50]} Na5 {[%clk 0:11:14]} 22. Nd3
{[%clk 0:12:51]} Nc4 {[%clk 0:09:50]} 23. Bf4 {[%clk 0:11:03]} Qd7
{[%clk 0:08:22]} 24. Re2 {[%clk 0:05:25]} Qe8 {[%clk 0:06:09]} 25. Bh6
{[%clk 0:03:44]} Ne4 {[%clk 0:05:58]} 26. Rde1 {[%clk 0:02:41]} Bf8
{[%clk 0:04:48]} 27. Bc1 {[%clk 0:02:16]} a5 {[%clk 0:04:45]} 28. Nf4
{[%clk 0:02:15]} Nf6 {[%clk 0:03:30]} 29. Nxe6 {[%clk 0:01:52]} fxe6
{[%clk 0:03:45]} 30. Rxe6 {[%clk 0:01:28]} Qd7 {[%clk 0:00:48]} 31. Qxf6
{[%clk 0:01:43]} Bg7 {[%clk 0:01:02]} 32. Qh4 {[%clk 0:01:33]} Re8
{[%clk 0:01:01]} 33. Re7 {[%clk 0:01:01]} 1-0

[Event "IMP Mezczyzn do lat 20"]
[Site "Chotowa"]
[Date "2023.10.31"]
[Round "1.7"]
[White "Mikula, Maciej"]
[Black "Koziorowicz, Michal"]
[Result "0-1"]
[BlackElo "2288"]
[WhiteElo "1936"]
[LiveChessVersion "1.4.8"]

1. e4 {[%clk 1:30:50]} c5 {[%clk 1:29:21]} 2. Nf3 {[%clk 1:30:32]} d6
{[%clk 1:29:37]} 3. d4 {[%clk 1:30:09]} cxd4 {[%clk 1:30:01]} 4. Nxd4
{[%clk 1:30:15]} Nf6 {[%clk 1:30:26]} 5. Nc3 {[%clk 1:30:08]} g6 {[%clk 1:30:18]}
6. Be3 {[%clk 1:29:44]} Bg7 {[%clk 1:30:43]} 7. f3 {[%clk 1:29:14]} O-O
{[%clk 1:31:08]} 8. Qd2 {[%clk 1:29:03]} Nc6 9. O-O-O {[%clk 1:28:47]} d5
{[%clk 1:32:02]} 10. exd5 {[%clk 1:28:36]} Nxd5 {[%clk 1:32:26]} 11. Nxc6
{[%clk 1:28:21]} bxc6 {[%clk 1:32:52]} 12. Bd4 {[%clk 1:28:30]} Bxd4
{[%clk 1:33:17]} 13. Qxd4 {[%clk 1:28:50]} Qb6 {[%clk 1:33:44]} 14. Na4
{[%clk 1:27:46]} Qa5 {[%clk 1:34:00]} 15. b3 {[%clk 1:27:27]} Qc7
{[%clk 1:34:25]} 16. Re1 {[%clk 1:26:03]} Rd8 {[%clk 1:13:31]} 17. Qe5
{[%clk 1:23:05]} Qxe5 {[%clk 1:13:22]} 18. Rxe5 {[%clk 1:23:28]} f6
{[%clk 1:13:45]} 19. Re1 {[%clk 1:23:09]} e5 {[%clk 1:12:05]} 20. g3
{[%clk 1:21:28]} Bf5 {[%clk 1:12:18]} 21. Bc4 {[%clk 1:16:36]} Kg7
{[%clk 1:11:00]} 22. Nc5 {[%clk 1:07:49]} Re8 {[%clk 1:04:51]} 23. h4
{[%clk 0:56:35]} h5 {[%clk 1:01:19]} 24. Rh2 {[%clk 0:49:28]} Rad8
{[%clk 0:58:04]} 25. Nb7 {[%clk 0:39:21]} Rd7 {[%clk 0:58:22]} 26. Nc5
{[%clk 0:39:45]} Rdd8 {[%clk 0:57:50]} 27. Nb7 {[%clk 0:35:18]} Rd7
{[%clk 0:58:15]} 28. Nc5 {[%clk 0:33:48]} Rc7 {[%clk 0:56:50]} 29. Rd2
{[%clk 0:33:15]} Nb6 {[%clk 0:56:49]} 30. Bd3 {[%clk 0:28:42]} Bc8
{[%clk 0:52:09]} 31. g4 {[%clk 0:20:49]} hxg4 {[%clk 0:52:16]} 32. fxg4
{[%clk 0:21:16]} Bxg4 {[%clk 0:50:45]} 33. Rg1 {[%clk 0:19:40]} f5
{[%clk 0:50:10]} 34. h5 {[%clk 0:19:47]} Nd7 {[%clk 0:42:47]} 35. Na6
{[%clk 0:16:36]} Rb7 {[%clk 0:43:10]} 36. hxg6 {[%clk 0:16:54]} Nf6
{[%clk 0:43:11]} 37. Rh2 {[%clk 0:04:15]} Kxg6 {[%clk 0:42:19]} 38. Bxf5+
{[%clk 0:04:20]} Kxf5 {[%clk 0:42:27]} 39. Rf2+ {[%clk 0:04:37]} Kg5
{[%clk 0:42:08]} 40. Rxf6 {[%clk 0:34:34]} Kxf6 {[%clk 1:12:31]} 41. Rxg4
{[%clk 0:34:59]} e4 {[%clk 1:04:37]} 42. Nc5 {[%clk 0:31:47]} Rbe7
{[%clk 1:04:59]} 43. Kd2 {[%clk 0:28:56]} Kf5 {[%clk 1:05:21]} 44. Rh4
{[%clk 0:28:09]} Rg8 {[%clk 1:03:56]} 45. Rh5+ {[%clk 0:24:42]} Rg5
{[%clk 1:02:36]} 46. Rh1 {[%clk 0:14:58]} Rg2+ {[%clk 0:54:40]} 47. Ke3
{[%clk 0:14:14]} Rxc2 {[%clk 0:54:19]} 48. Rf1+ {[%clk 0:14:40]} Ke5
{[%clk 0:54:02]} 49. Nxe4 {[%clk 0:14:25]} Rxa2 {[%clk 0:44:52]} 50. Rc1
{[%clk 0:13:35]} Rh2 {[%clk 0:40:07]} 51. Rc5+ {[%clk 0:12:13]} Ke6
{[%clk 0:40:30]} 52. Rxc6+ {[%clk 0:09:56]} Kf7 {[%clk 0:40:13]} 53. Rc4
{[%clk 0:09:18]} Rh3+ {[%clk 0:40:31]} 54. Kd4 {[%clk 0:07:13]} Rxb3
{[%clk 0:40:54]} 55. Kd5 {[%clk 0:06:29]} Rb5+ {[%clk 0:36:08]} 56. Nc5
{[%clk 0:04:46]} Kf6 {[%clk 0:35:26]} 57. Rf4+ {[%clk 0:04:09]} Kg5
{[%clk 0:35:18]} 58. Rf1 {[%clk 0:03:40]} Rc7 {[%clk 0:33:53]} 59. Rc1
{[%clk 0:03:59]} Kg4 {[%clk 0:32:49]} 60. Kd6 {[%clk 0:03:51]} Rc8
{[%clk 0:32:58]} 61. Rg1+ {[%clk 0:02:46]} Kf3 {[%clk 0:32:59]} 62. Ne6
{[%clk 0:02:35]} Rc4 {[%clk 0:32:04]} 63. Rd1 {[%clk 0:01:55]} Ke3
{[%clk 0:32:02]} 64. Rh1 {[%clk 0:01:17]} a5 {[%clk 0:32:07]} 65. Rh8
{[%clk 0:00:44]} Kd3 {[%clk 0:30:49]} 66. Rh3+ {[%clk 0:01:05]} Kc2
{[%clk 0:30:59]} 67. Rh2+ {[%clk 0:01:21]} Kc3 {[%clk 0:31:06]} 68. Rh1
{[%clk 0:00:53]} Kb2 {[%clk 0:30:46]} 69. Rh2+ {[%clk 0:01:14]} Ka3
{[%clk 0:31:10]} 70. Rh3+ {[%clk 0:00:49]} Rb3 {[%clk 0:31:15]} 71. Rh7
{[%clk 0:00:36]} Rd3+ {[%clk 0:31:35]} 72. Ke5 {[%clk 0:00:48]} a4
{[%clk 0:31:31]} 73. Rb7 {[%clk 0:01:13]} Ka2 {[%clk 0:31:10]} 74. Nc7
{[%clk 0:01:26]} Rd7 {[%clk 0:31:19]} 0-1

[Event "IMP Mezczyzn do lat 20"]
[Site "Chotowa"]
[Date "2023.10.31"]
[Round "1.8"]
[White "Krawczyk, Flawian"]
[Black "Borowik, Wojciech"]
[Result "1-0"]
[BlackElo "1902"]
[WhiteElo "2288"]
[LiveChessVersion "1.4.8"]

1. d4 {[%clk 1:30:59]} Nf6 {[%clk 1:30:52]} 2. c4 {[%clk 1:31:24]} e6
{[%clk 1:31:15]} 3. Nf3 {[%clk 1:31:51]} Bb4+ {[%clk 1:31:17]} 4. Nbd2
{[%clk 1:32:14]} O-O {[%clk 1:31:10]} 5. a3 {[%clk 1:32:41]} Bxd2+
{[%clk 1:31:25]} 6. Qxd2 {[%clk 1:33:05]} d5 {[%clk 1:27:50]} 7. Qc2
{[%clk 1:30:32]} Ne4 {[%clk 1:18:38]} 8. Bf4 {[%clk 1:25:25]} c6 {[%clk 1:15:25]}
9. e3 {[%clk 1:21:59]} b6 {[%clk 1:02:43]} 10. Bd3 {[%clk 1:20:48]} Ba6
{[%clk 0:58:57]} 11. Bxe4 {[%clk 1:20:08]} dxe4 {[%clk 0:59:16]} 12. Ng5
{[%clk 1:20:29]} Nd7 {[%clk 0:55:09]} 13. Nxe4 {[%clk 1:19:14]} b5
{[%clk 0:44:50]} 14. Ng5 {[%clk 1:05:33]} g6 {[%clk 0:42:18]} 15. c5
{[%clk 0:59:56]} Nf6 {[%clk 0:34:44]} 16. Bd6 {[%clk 0:56:57]} Nd5
{[%clk 0:32:15]} 17. h4 {[%clk 0:54:09]} Re8 {[%clk 0:28:59]} 18. b4
{[%clk 0:53:07]} Bc8 {[%clk 0:26:39]} 19. e4 {[%clk 0:50:52]} Nf6
{[%clk 0:23:48]} 20. Qe2 {[%clk 0:46:29]} a5 {[%clk 0:19:43]} 21. Qf3
{[%clk 0:46:16]} Ra7 {[%clk 0:15:43]} 22. Be5 {[%clk 0:42:11]} Nh5
{[%clk 0:15:29]} 23. g4 {[%clk 0:41:12]} f6 {[%clk 0:11:34]} 24. gxh5
{[%clk 0:37:18]} fxe5 {[%clk 0:10:41]} 25. hxg6 {[%clk 0:37:29]} hxg6
{[%clk 0:10:21]} 26. dxe5 {[%clk 0:33:50]} axb4 {[%clk 0:05:55]} 27. Rd1
{[%clk 0:33:08]} Qa5 {[%clk 0:03:22]} 28. h5 {[%clk 0:31:59]} bxa3+
{[%clk 0:03:46]} 29. Kf1 {[%clk 0:32:22]} a2 {[%clk 0:01:51]} 30. Kg2
{[%clk 0:32:44]} Rf8 {[%clk 0:01:13]} 31. Qh3 {[%clk 0:32:44]} Qa3
{[%clk 0:00:47]} 32. Qh4 {[%clk 0:30:00]} Qxc5 {[%clk 0:00:41]} 33. hxg6
{[%clk 0:30:06]} Qxe5 {[%clk 0:01:01]} 34. Nf7 {[%clk 0:26:45]} Raxf7
{[%clk 0:00:37]} 35. gxf7+ {[%clk 0:26:27]} Kxf7 {[%clk 0:00:52]} 36. Rh3
{[%clk 0:24:23]} Rg8+ {[%clk 0:00:36]} 37. Kf1 {[%clk 0:24:52]} Qf6
{[%clk 0:00:33]} 38. Qh5+ {[%clk 0:24:27]} Ke7 {[%clk 0:00:35]} 39. e5
{[%clk 0:23:20]} Qf7 {[%clk 0:00:35]} 40. Qh4+ {[%clk 0:53:39]} Kf8
{[%clk 0:30:46]} 41. Rd8+ {[%clk 0:53:58]} Kg7 {[%clk 0:29:08]} 42. Qh6# 1-0

[Event "IMP Mezczyzn do lat 20"]
[Site "Chotowa"]
[Date "2023.10.31"]
[Round "1.9"]
[White "Mocko, Maciej"]
[Black "Janeczko, Jakub"]
[Result "0-1"]
[BlackElo "2280"]
[WhiteElo "1862"]
[LiveChessVersion "1.4.8"]

1. e4 {[%clk 1:30:59]} c5 {[%clk 1:26:36]} 2. Nc3 {[%clk 1:31:27]} Nc6
{[%clk 1:26:53]} 3. Bb5 {[%clk 1:31:54]} Nd4 {[%clk 1:27:17]} 4. Nf3
{[%clk 1:32:21]} a6 {[%clk 1:25:16]} 5. Bd3 {[%clk 1:32:45]} g6 {[%clk 1:21:25]}
6. Rb1 {[%clk 1:32:54]} Bg7 {[%clk 1:18:26]} 7. b4 {[%clk 1:33:04]} cxb4
{[%clk 1:17:19]} 8. Rxb4 {[%clk 1:33:28]} Nc6 {[%clk 1:16:16]} 9. Rb1
{[%clk 1:33:49]} Nf6 {[%clk 1:07:36]} 10. O-O {[%clk 1:32:18]} O-O
{[%clk 1:02:53]} 11. Re1 {[%clk 1:31:36]} d5 {[%clk 0:55:40]} 12. exd5
{[%clk 1:31:33]} Nxd5 {[%clk 0:56:07]} 13. Nxd5 {[%clk 1:31:47]} Qxd5
{[%clk 0:56:34]} 14. Be4 {[%clk 1:31:57]} Qxa2 {[%clk 0:53:06]} 15. Rb3
{[%clk 1:27:56]} Rd8 {[%clk 0:44:01]} 16. Bxc6 {[%clk 1:12:29]} bxc6
{[%clk 0:44:28]} 17. Rxe7 {[%clk 1:12:30]} Bf5 {[%clk 0:42:21]} 18. d3
{[%clk 1:08:59]} Rab8 {[%clk 0:36:43]} 19. Reb7 {[%clk 1:05:08]} Rxb7
{[%clk 0:36:16]} 20. Rxb7 {[%clk 1:05:36]} c5 {[%clk 0:30:00]} 21. Bg5
{[%clk 0:48:30]} Re8 {[%clk 0:22:21]} 22. h3 {[%clk 0:45:26]} c4 {[%clk 0:21:08]}
23. dxc4 {[%clk 0:41:21]} Qxc4 {[%clk 0:20:16]} 24. Re7 {[%clk 0:41:20]} Rf8
{[%clk 0:18:21]} 25. Ne5 {[%clk 0:37:20]} Bxe5 26. Rxe5 {[%clk 0:37:38]} f6
{[%clk 0:13:42]} 27. Re7 {[%clk 0:32:40]} Qc5 {[%clk 0:12:31]} 28. Rb7
{[%clk 0:25:12]} Qc6 {[%clk 0:11:20]} 29. Ra7 {[%clk 0:23:02]} fxg5
{[%clk 0:11:25]} 30. Qa1 {[%clk 0:23:30]} Qf6 {[%clk 0:11:24]} 31. Qa2+
{[%clk 0:22:56]} Be6 {[%clk 0:11:39]} 32. Qxa6 {[%clk 0:22:40]} Qxf2+
{[%clk 0:12:02]} 33. Kh2 {[%clk 0:21:30]} Qf4+ {[%clk 0:12:28]} 34. Kh1
{[%clk 0:20:55]} Qf1+ {[%clk 0:08:42]} 35. Kh2 {[%clk 0:19:16]} Qf4+
{[%clk 0:08:38]} 36. Kh1 {[%clk 0:19:25]} Bd5 {[%clk 0:08:06]} 37. Rd7
{[%clk 0:13:11]} Qe4 {[%clk 0:08:06]} 0-1